| 000 | 00472nam a22001217a 4500 | ||
|---|---|---|---|
| 005 | 20260629132931.0 | ||
| 100 |
_aEngr. Sughand Memon _a21-MCCN-05 _aSupervisor - P{rof. Dr Fareed Ahmed Jokhio _91035 |
||
| 245 | _aonion Crop Growth and Health Monitoring Using HAV Enabled Multispectral Imagery and Machine Learning Techniques (Thesis MS) | ||
| 260 |
_aNawabshah _bQUEST _c2025 |
||
| 300 | _a68p. | ||
| 700 |
_aDepartment of Computer Systems Engineering _9952 |
||
| 942 | _cTHESIS | ||
| 999 |
_c69092 _d69089 |
||